Horrid Henry's Christmas / (Record no. 6540)
[ view plain ]
| 000 -LEADER | |
|---|---|
| fixed length control field | 02021nam a22003017a 4500 |
| 001 - CONTROL NUMBER | |
| control field | 6540 |
| 003 - CONTROL NUMBER IDENTIFIER | |
| control field | FISKH |
| 005 - DATE AND TIME OF LATEST TRANSACTION | |
| control field | 20250508150152.0 |
| 008 - FIXED-LENGTH DATA ELEMENTS--GENERAL INFORMATION | |
| fixed length control field | 250508b cb ||||| |||| 00| 0 eng d |
| 020 ## - INTERNATIONAL STANDARD BOOK NUMBER | |
| International Standard Book Number | 9781402217821 |
| 040 ## - CATALOGING SOURCE | |
| Original cataloging agency | FISKH |
| Language of cataloging | eng |
| Transcribing agency | FISKH |
| Modifying agency | FISKH |
| 050 ## - LIBRARY OF CONGRESS CALL NUMBER | |
| Classification number | PZ7 |
| 082 ## - DEWEY DECIMAL CLASSIFICATION NUMBER | |
| Classification number | 823.914 |
| 100 ## - MAIN ENTRY--PERSONAL NAME | |
| Personal name | Simon, Francesca |
| Dates associated with a name | (1955-) |
| 245 ## - TITLE STATEMENT | |
| Title | Horrid Henry's Christmas / |
| Statement of responsibility, etc. | Francesca Simon ; Illustrated by Tony Ross |
| 250 ## - EDITION STATEMENT | |
| Edition statement | This edition first published in 2006 |
| 260 ## - PUBLICATION, DISTRIBUTION, ETC. | |
| Place of publication, distribution, etc. | New York : |
| Name of publisher, distributor, etc. | Jabberwocky, |
| Date of publication, distribution, etc. | 2006 |
| 300 ## - PHYSICAL DESCRIPTION | |
| Extent | 85 pages : |
| Other physical details | illustrations ; |
| Dimensions | 20 cm |
| 505 ## - FORMATTED CONTENTS NOTE | |
| Formatted contents note | N<br/> |
| 520 ## - SUMMARY, ETC. | |
| Summary, etc. | Juvenile Fiction. Humor (Fiction.) HTML:Discover this funny book series for kids that boys and girls around the world love to read! Horrid Henry's Christmas is the perfect Christmas chapter book for kids!<br/><br/>Horrid Henry sabotages the Christmas play; tries to do all his Christmas shopping without spending any of his allowance; attempts to ambush Santa Claus (to get more presents, of course); and has to endure the worst Christmas dinner ever!<br/><br/>Francesca Simon is one of the world's best-loved children's authors. She is the only American to have ever won the Galaxy Book Award, and her creation, Horrid Henry, is the #1 bestselling chapter book series in the UK�with a hit TV show and over fifteen million copies sold! Each book contains four easy-to-read stories and hilarious illustrations by the one and only Tony Ross, so even the most reluctant of readers won't be able to resist Henry's amazing talent for trouble!<br/><br/>Why Readers Love Horrid Henry's Christmas:<br/>A fun Christmas story for children and novelty stocking stuffer for preteen boys<br/>Screen-free fun for reluctant readers<br/>Hilarious middle grade series that will keep you coming back, book after book!<br/> |
| 521 8# - TARGET AUDIENCE NOTE | |
| Target audience note | 590<br/> |
| Source | Lexile<br/> |
| 521 8# - TARGET AUDIENCE NOTE | |
| Target audience note | N<br/> |
| Source | Raz-Plus<br/> |
| 650 ## - SUBJECT ADDED ENTRY--TOPICAL TERM | |
| Source of heading or term | Horrid Henry |
| Topical term or geographic name entry element | Antiheroes |
| 650 ## - SUBJECT ADDED ENTRY--TOPICAL TERM | |
| Source of heading or term | Children fiction |
| Topical term or geographic name entry element | Open Library |
| 700 ## - ADDED ENTRY--PERSONAL NAME | |
| Personal name | Ross, Tony |
| Dates associated with a name | illustrator |
| 942 ## - ADDED ENTRY ELEMENTS (KOHA) | |
| Source of classification or shelving scheme | Dewey Decimal Classification |
| Koha item type | Books |
| Suppress in OPAC | No |
| Withdrawn status | Lost status | Source of classification or shelving scheme | Damaged status | Not for loan | Collection | Home library | Current library | Shelving location | Date acquired | Total Checkouts | Full call number | Barcode | Date last seen | Copy number | Price effective from | Koha item type |
|---|---|---|---|---|---|---|---|---|---|---|---|---|---|---|---|---|
| Dewey Decimal Classification | Juvenile Fiction | Footprints International School Library Network Toul Tom Poung Campus | Footprints International School Library Network Toul Tom Poung Campus | TTP Primary Yellow Bookshelves | 05/08/2025 | SIM 823.914 PZ7 | 2025-1229 | 05/08/2025 | 1 | 05/08/2025 | Books |
